| 000 | 00869nam a22001337a 4500 | ||
|---|---|---|---|
| 999 |
_c533154 _d533154 |
||
| 008 | 260427b ||||| |||| 00| 0 eng d | ||
| 100 |
_aBaruah, Priyanandini Sharma, Priyanka and Dutta, Dibyajyoti _960267 |
||
| 245 | _aPolitics of PRCs and the Morans in Arunachal Pradesh | ||
| 260 | _aEconomic & Political Weekly | ||
| 300 | _a61(8), Feb 21, 2026: p.20-22 | ||
| 520 | _aThe demand for permanent residential certificates by non-Arunachal Pradesh Scheduled Tribes, including the Morans, has been a long-standing issue in the internal governance of AP. An enquiry into these developments must look at both sides of the debate, the apprehensions of the APSTs and the assertions of the non-APSTs.-Reproduced https://www.epw.in/journal/2026/8/commentary/politics-prcs-and-morans-arunachal-pradesh.html | ||
| 773 | _aEconomic & Political Weekly | ||
| 942 | _cAR | ||